000 00303cam a2200157ua 4500
020 _c2.00
041 _ahin
_h
082 _a891.43
_bCHA/PA
100 _aChatursen, Sastry .
245 _apathita
300 _a162 ; .
365 _a2.00
504 _a
942 _cBK
999 _c3413
_d3413